Central Library OPAC University of Rajshahi

Dilthey's Philosophy of Existence : (Record no. 1481)

MARC details
000 -LEADER
fixed length control field 01005nam a22002892i 4500
001 - CONTROL NUMBER
control field 1481
003 - CONTROL NUMBER IDENTIFIER
rucl marc code BD-RjUL
005 - DATE AND TIME OF LATEST TRANSACTION
control field 20211208233339.0
008 - FIXED-LENGTH DATA ELEMENTS--GENERAL INFORMATION
fixed length control field 131125t19601957enk 00| 0 eng d
035 ## - SYSTEM CONTROL NUMBER
System control number (BD-RjUL)1505
040 ## - CATALOGING SOURCE
Original cataloging agency HAM
Transcribing agency HAM
Modifying agency OCL
-- BD-RjUL
Language of cataloging eng
041 1# - LANGUAGE CODE
Language code of text/sound track or separate title engger
082 ## - DEWEY DECIMAL CLASSIFICATION NUMBER
Classification number 193
Edition number 16
Author mark and year KLD 1960
100 1# - MAIN ENTRY--PERSONAL NAME
Personal name Dilthey, Wilhelm,
Dates associated with a name 1833-1911.
9 (RLIN) 272
245 10 - TITLE STATEMENT
Title Dilthey's Philosophy of Existence :
Remainder of title Introduction to Weltanschauungslehre /
Statement of responsibility, etc. Translation of an Essay with Introduction by William Kulback and Martin Weinbaum.
260 ## - PUBLICATION, DISTRIBUTION, ETC. (IMPRINT)
Place of publication, distribution, etc. London :
Name of publisher, distributor, etc. Vision press ltd
Date of publication, distribution, etc. 1960
300 ## - PHYSICAL DESCRIPTION
Pagination 74 p. ;
Size 21 cm
500 ## - GENERAL NOTE
General note "Translated from Gesammelte Schriften, vol. VIII, pp. 75-118."
General note Reprint of the ed. published by Bookman Associates, New York
504 ## - BIBLIOGRAPHY, ETC. NOTE
Bibliography, etc Bibliography: p. 15
650 #0 - SUBJECT ADDED ENTRY--TOPICAL TERM
Topical term or geographic name as entry element Ideology
9 (RLIN) 273
Topical term or geographic name as entry element Idealism
9 (RLIN) 274
942 ## - ADDED ENTRY ELEMENTS (KOHA)
Source of classification or shelving scheme Dewey Decimal Classification
Koha item type Books
Holdings
Lost status Source of classification or shelving scheme Damaged status Not for loan Collection code Permanent Location Current Location Shelving location Date acquired Source of acquisition Cost, normal purchase price Total Checkouts Full call number Date last seen Copy number Koha item type
  Dewey Decimal Classification     Non-fiction Central Library, University of Rajshahi Central Library, University of Rajshahi   07/02/1963 Zeitliger 25.00   193 KLD 1960 25/11/2013 C-2 Books